00221 a2200109 4500001000700000020000600007040001100013100002500024240002900049245002400078362000900102174811 a  cMagnum aGomide, Julio Borges10aJonas, o macaquinholpor10aJonas, o macaquinho0 a1899